000 00319nam a22001337a 4500
008 170621b xxu||||| |||| 00| 0 eng d
020 _a9780517576984
041 _aeng
080 _a32
100 _a20
101 _aSHP
245 _aBACKLASH/ THE UNDECLARED WAR AGAINST AMERICAN WOMEN
_cFALUDI, S
942 _2udc
_cBK
999 _c18496
_d18496